000 00223nam a22000977a 4500
999 _c526615
_d526615
082 _aSNT B3x54 P59
100 _aPanda, Sudhaker
_946091
245 _aQuest for ignorance
260 _aNew Delhi
_bKunal
_c2020
300 _a145p.